| 000 | 00342nam a2200145Ia 4500 | ||
|---|---|---|---|
| 008 | 230711s9999||||xx |||||||||||||| ||und|| | ||
| 041 | _aENG | ||
| 082 |
_a624 _bSI-E |
||
| 100 | _aSmith,R.C | ||
| 245 | 0 | _aMechanics | |
| 250 | _a1st | ||
| 260 |
_c1980 _aBritain _bBritannica Ompulse Marketing |
||
| 650 | _aMechanical Engineering | ||
| 942 | _cBK | ||
| 999 |
_c1153 _d1153 |
||